Pedagogika utlačovaných / Paulo Freire ; z originálu Pedagogia do oprimido ... přeložila Eva Batličková
Record details
- ISBN: 978-80-908247-9-9
- Physical Description: 229 stran : ilustrace ; 19 cm
- Publisher: V Praze : Neklid, 2022
Content descriptions
| General Note: | Přeloženo z portugalštiny Vydalo nakladatelství Neklid spolku Svobodná knihovna |
| Bibliography, etc. Note: | Obsahuje bibliografii a bibliografické odkazy |
Search for related items by subject
| Subject: | vzdělávání sociální nerovnost filozofie výchovy education social inequality philosophy of education |
| Genre: | pojednání essays |
Search for related items by series
Available copies
- 3 of 3 copies available at Common Catalog SPOK.
Holds
- 0 current holds with 3 total copies.
Show Only Available Copies
| Location | Call Number / Copy Notes | Barcode | Shelving Location | Status | Due Date |
|---|---|---|---|---|---|
| Jabok Library | Ped-7 | 424480045783 | Odborná literatura | Available | - |
| Jabok Library | Ped-7 | 424480045786 | Odborná literatura | Available | - |
| Jabok Library | Ped-7 | 424480045793 | Odborná literatura | Available | - |
| LDR | 01741nam a2200517 i 4500 | ||
|---|---|---|---|
| 001 | 51855 | ||
| 003 | CZ-PrJAB | ||
| 005 | 20230117103320.0 | ||
| 007 | ta | ||
| 008 | 230103s2022 xr a f 000 e cze | ||
| 015 | . | ‡acnb003469931 | |
| 020 | . | ‡a978-80-908247-9-9 ‡q(brožováno) | |
| 035 | . | ‡a(CZ PrNK)nkc20223469931 | |
| 040 | . | ‡aABA001 ‡bcze ‡erda | |
| 041 | 1 | . | ‡acze ‡hpor |
| 072 | 7. | ‡a37 ‡xVýchova a vzdělávání ‡2Konspekt ‡922 | |
| 080 | . | ‡a37.01 ‡2MRF | |
| 080 | . | ‡a364.614 ‡2MRF | |
| 080 | . | ‡a37.013.73 ‡2MRF | |
| 080 | . | ‡a(049) ‡2MRF | |
| 100 | 1 | . | ‡aFreire, Paulo, ‡d1921-1997 ‡7jn20000601625 ‡4aut |
| 240 | 1 | 0. | ‡aPedagogia do oprimido. ‡lČesky |
| 245 | 1 | 0. | ‡aPedagogika utlačovaných / ‡cPaulo Freire ; z originálu Pedagogia do oprimido ... přeložila Eva Batličková |
| 264 | 1. | ‡aV Praze : ‡bNeklid, ‡c2022 | |
| 300 | . | ‡a229 stran : ‡bilustrace ; ‡c19 cm | |
| 336 | . | ‡atext ‡btxt ‡2rdacontent | |
| 337 | . | ‡abez média ‡bn ‡2rdamedia | |
| 338 | . | ‡asvazek ‡bnc ‡2rdacarrier | |
| 490 | 1 | . | ‡aNeklid |
| 500 | . | ‡aPřeloženo z portugalštiny | |
| 500 | . | ‡aVydalo nakladatelství Neklid spolku Svobodná knihovna | |
| 504 | . | ‡aObsahuje bibliografii a bibliografické odkazy | |
| 650 | 0 | 7. | ‡avzdělávání ‡7ph127311 ‡2czenas |
| 650 | 0 | 7. | ‡asociální nerovnost ‡7ph125796 ‡2czenas |
| 650 | 0 | 7. | ‡afilozofie výchovy ‡7ph120230 ‡2czenas |
| 650 | 0 | 9. | ‡aeducation ‡2eczenas |
| 650 | 0 | 9. | ‡asocial inequality ‡2eczenas |
| 650 | 0 | 9. | ‡aphilosophy of education ‡2eczenas |
| 653 | 0 | . | ‡akritická pedagogika |
| 655 | 7. | ‡apojednání ‡7fd133056 ‡2czenas | |
| 655 | 9. | ‡aessays ‡2eczenas | |
| 700 | 1 | . | ‡aBatličková, Eva ‡7av20181015196 ‡4trl |
| 830 | 0. | ‡aNeklid | |
| 910 | . | ‡aABG312 | |
| 995 | . | ‡aska | |
| 901 | . | ‡a51855 ‡bAUTOGEN ‡c51855 ‡tbiblio | |